[Event "Blue Sevan"]
[Site "Sevan ARM"]
[Date "2006.07.20"]
[Round "8"]
[White "Pashikian,A"]
[Black "Mallahi,A"]
[Result "1-0"]
[WhiteElo "2508"]
[BlackElo "2435"]

1.e4 c5 2.Nf3 Nc6 3.Nc3 e5 4.Bc4 Be7 5.d3 Nf6 6.Ng5 O-O 7.O-O h6 8.f4 exf4
9.Nh3 Ne5 10.Nxf4 Nxc4 11.dxc4 d6 12.h3 Bd7 13.b3 Bc6 14.Bb2 Re8 15.Qf3 Nd7
16.Ncd5 Bf8 17.Nh5 Bxd5 18.cxd5 Qe7 19.Qg4 Qg5 20.Qxd7 Qxh5 21.Qxb7 Qg6 22.Rae1 f6
23.Kh2 a5 24.Re3 Rab8 25.Qc7 Qf7 26.Qxa5 Ra8 27.Qe1 Rxa2 28.Qb1 Ra7 29.c4 Rae7
30.Qd3 Kh8 31.Rf5 Qg6 32.Rg3 Qh7 33.Qf3 Rxe4 34.Rxf6 Kg8 35.Rxf8+ Rxf8 36.Qxe4  1-0

[Event "3rd ACT"]
[Site "Amsterdam NED"]
[Date "2006.07.21"]
[Round "7"]
[White "Thiel,T"]
[Black "Ouwendijk,V"]
[Result "1-0"]
[WhiteElo "2302"]
[BlackElo "2210"]

1.e4 c5 2.Nc3 Nc6 3.Bb5 e6 4.Bxc6 bxc6 5.d3 Ne7 6.f4 Ng6 7.Nf3 Nh4 8.O-O Nxf3+
9.Qxf3 Be7 10.b3 d5 11.Na4 c4 12.exd5 cxd3 13.dxc6 Bf6 14.Bb2 Bxb2 15.Nxb2 dxc2
16.c7 Qd5 17.Qc3 Bb7 18.Qxc2 Rc8 19.Rf2 Qc6 20.Rc1 Rxc7 21.Qxc6+ Rxc6 22.Rxc6 Bxc6
23.Rc2 Kd7 24.Nd3 f6 25.Nc5+ Kd6 26.Nxe6 Kxe6 27.Rxc6+ Kf5 28.Ra6 Kxf4 29.Rxa7 g5
30.Kf2 h5 31.Ra4+ Ke5 32.Ke3 f5 33.Ra5+ Ke6 34.a4 Rc8 35.Kd3 Rd8+ 36.Kc3 Rc8+
37.Kb2 Rd8 38.Rc5 h4 39.Rc2 g4 40.a5 f4 41.b4 Ra8 42.Kb3 f3 43.gxf3 gxf3
44.Rf2 Rf8 45.Kc4 Kd6 46.Kd3 Rf4 47.a6 Kc7 48.b5 Rf5 49.a7 Kb7 50.b6 Ra5
51.Rb2 Ra3+ 52.Kd2 f2 53.Ke2 Rf3 54.Kf1 Rf6 55.h3 Rf3 56.Rxf2  1-0

[Event "XI Open"]
[Site "Balaguer ESP"]
[Date "2006.07.22"]
[Round "6"]
[White "Van Riemsdijk,H"]
[Black "Barrientos,S"]
[Result "1-0"]
[WhiteElo "2376"]
[BlackElo "2435"]

1.e4 c5 2.Nf3 Nc6 3.Nc3 d6 4.d4 cxd4 5.Nxd4 Nf6 6.Bc4 e6 7.Bb3 Be7 8.Be3 O-O
9.f4 Bd7 10.Qf3 Nxd4 11.Bxd4 Bc6 12.f5 e5 13.Bf2 b5 14.a3 a5 15.O-O Qc7 16.Bh4 Rab8
17.Bxf6 Bxf6 18.Rfd1 Rfd8 19.Qe2 a4 20.Bd5 b4 21.axb4 Rxb4 22.b3 axb3 23.Bxb3 Bb7
24.Nd5 Qc5+ 25.Kh1 Rd4 26.Rd3 Rxd3 27.cxd3 Ra8 28.Rb1 Bd8 29.Qh5 Qb5 30.Qd1 Qd7
31.Bc4 Bc6 32.h3 g6 33.Qf3 Kg7 34.f6+ Kh8 35.Qe3 Bxd5 36.Bxd5 Rc8 37.Rb7 Bc7
38.Qh6 Rg8 39.Ra7 g5 40.Qh5 Rg6 41.Ra8+ Bd8 42.Qg4 Qe8 43.Bxf7 Qxf7 44.Rxd8+ Rg8
45.Rxg8+ Qxg8 46.Qd7 Qf8 47.Qe7 Kg8 48.Qe6+ Kh8 49.Kh2 g4 50.Qe7 Kg8 51.Qxf8+ Kxf8
52.hxg4 h6 53.Kg3 Kf7 54.Kh4 Kg6 55.f7 Kxf7 56.Kh5 Kg7 57.g5 hxg5 58.Kxg5  1-0

[Event "Czech Open A"]
[Site "Pardubice CZE"]
[Date "2006.07.22"]
[Round "2"]
[White "Suarez Pousa,D"]
[Black "Kozak,Pe"]
[Result "1-0"]
[WhiteElo "2377"]
[BlackElo "2181"]

1.e4 c5 2.Nc3 Nc6 3.Nf3 Nf6 4.d4 cxd4 5.Nxd4 e5 6.Ndb5 d6 7.Bg5 a6 8.Na3 Be6
9.Nc4 Rc8 10.Nd5 Bxd5 11.exd5 Ne7 12.Qf3 e4 13.Qa3 Nf5 14.O-O-O b5 15.g4 bxc4
16.gxf5 Be7 17.Rd4 O-O 18.Bxc4 Qd7 19.Rg1 Qxf5 20.Qg3 a5 21.Bh6 Nh5 22.Qg2 Bf6
23.Rxe4 Bxb2+ 24.Kxb2 Qf6+ 25.c3 Qxh6 26.Qg5 Qxg5 27.Rxg5 Nf6 28.Rf4 Kh8
29.Bb5 Rc7 30.Bc6 Re7 31.Bb5 Rb8 32.a4 Nd7 33.Kc2 Nc5 34.Rc4 Rd8 35.Rf5 g6
36.Rf3 Kg7 37.Bc6 f5 38.Kd2 Rb8 39.Bb5 Re5 40.Rxc5 dxc5 41.Rd3 Kf6 42.d6 Rd8
43.d7 Ke7 44.Kc2 Re2+ 45.Kb3 Rxf2 46.Kc4 Re2 47.Kxc5 Re6 48.c4 g5 49.Rd5 Kf6
50.Kd4 h6 51.c5 Ke7 52.c6 Rd6 53.Kc5 Rxd5+ 54.Kxd5 f4 55.Ke5 Rb8 56.Kd5 Kd8
57.Kd6 Rb6 58.Be2 f3 59.Bxf3 Ra6 60.Bg4 Ra7 61.Be2 Rc7 62.Kc5 Ra7 63.Kb6 Rc7
64.Bg4  1-0

[Event "Czech Open A"]
[Site "Pardubice CZE"]
[Date "2006.07.22"]
[Round "2"]
[White "Fruebing,S"]
[Black "Kublashvili,E"]
[Result "1/2-1/2"]
[WhiteElo "2284"]
[BlackElo "2149"]

1.e4 c5 2.Nc3 Nc6 3.Nf3 d6 4.d4 cxd4 5.Nxd4 Nf6 6.f4 g6 7.Be2 Bg7 8.Nb3 Bd7
9.Be3 a6 10.O-O O-O 11.Bf3 Rc8 12.Qe2 Qc7 13.Qf2 b5 14.Rfe1 e6 15.Rad1 Qb8
16.Kh1 a5 17.Nd4 Nxd4 18.Bxd4 b4 19.Nb1 Ba4 20.b3 Bc6 21.c4 e5 22.Bb2 Rfe8
23.f5 Rcd8 24.Nd2 Qb7 25.g4 Bh6 26.Qg2 Bg5 27.Re2 Kh8 28.fxg6 fxg6 29.h4 Bf4
30.g5 Nd7 31.Nf1 Nc5 32.Nh2 a4 33.Ng4 axb3 34.axb3 Nxb3 35.Nf6 Rf8 36.h5 gxh5
37.Nxh5 Qe7 38.Nf6 h6 39.Rf1 Bxg5 40.Qxg5 Qxf6 41.Qe3 Bxe4 42.Rh2 Kh7 43.Bc1 Kg7
44.Rg2+ Kh7 45.Rh2 Kg7 46.Rg2+  1/2-1/2

[Event "Czech Open A"]
[Site "Pardubice CZE"]
[Date "2006.07.22"]
[Round "2"]
[White "Hagarova,Z"]
[Black "Salama,O"]
[Result "1-0"]
[WhiteElo "2364"]
[BlackElo "2174"]

1.e4 c5 2.Nf3 Nc6 3.Nc3 e5 4.Bc4 Be7 5.d3 d6 6.O-O Nf6 7.Ng5 O-O 8.f4 Bg4
9.Qe1 exf4 10.Bxf4 h6 11.Nf3 Nh5 12.Be3 Bf6 13.Nd5 Bxf3 14.Rxf3 Bxb2 15.Rb1 Bd4
16.Rf5 g6 17.Rf2 Ne5 18.Bxd4 cxd4 19.Rxb7 Qh4 20.Bb3 Kh8 21.Qf1 f5 22.exf5 Ng4
23.g3 Nxg3 24.hxg3 Qg5 25.fxg6  1-0

[Event "3rd ACT"]
[Site "Amsterdam NED"]
[Date "2006.07.23"]
[Round "9"]
[White "Nijboer,F"]
[Black "Halkias,S"]
[Result "1-0"]
[WhiteElo "2598"]
[BlackElo "2551"]

1.e4 c5 2.Nf3 Nc6 3.Nc3 Nf6 4.Bb5 Qc7 5.O-O Nd4 6.Re1 a6 7.Bc4 d6 8.Nd5 Nxd5
9.exd5 g6 10.Nxd4 cxd4 11.d3 h6 12.Bf4 Bg7 13.Qd2 Kf8 14.a4 Bd7 15.a5 Rc8
16.h4 Re8 17.Re2 h5 18.Rae1 Bf6 19.Bg5 Bxg5 20.hxg5 b5 21.axb6 Qxb6 22.Qf4 Bf5
23.b3 h4 24.f3 Rh5 25.Kf2 Qc5 26.Rh1 e5 27.dxe6 d5 28.b4 Qb6 29.e7+ Rxe7
30.Rxe7 Kxe7 31.Re1+ Kd7 32.Bxd5 Qd6 33.Qxd6+ Kxd6 34.Bxf7 Rxg5 35.Bc4 Rh5
36.Bxa6 Rh8 37.Bc4 Rb8 38.b5 g5 39.g4 Bd7 40.Re4 Bxb5 41.Rxd4+ Kc6 42.f4 gxf4
43.Rxf4 Bxc4 44.Rxc4+ Kd5 45.Kg2 Rb1 46.g5 Ke5 47.Rxh4 Kf5 48.Kf3 Kxg5 49.Re4 Kf5
50.Ke3 Rb8 51.c4 Rd8 52.c5 Rd7 53.d4 Kf6 54.Re5 Rd8  1-0

[Event "XLVIII TCh-POR"]
[Site "Evora POR"]
[Date "2006.07.23"]
[Round "2"]
[White "Zawadzki,S"]
[Black "Cadillon,J"]
[Result "1-0"]
[WhiteElo "2397"]
[BlackElo "1882"]

1.e4 c5 2.Nc3 Nc6 3.Bb5 g6 4.Bxc6 dxc6 5.d3 Bg7 6.Be3 b6 7.Qd2 Nf6 8.h3 O-O
9.Nf3 Re8 10.O-O Be6 11.Ng5 Qd7 12.f4 Rad8 13.Qe2 h6 14.Nf3 Kh7 15.g4 Rg8
16.Kh1 Qc8 17.Rad1 Nxg4 18.hxg4 Bxg4 19.Qh2 c4 20.Ng5+  1-0

[Event "Canadian Open"]
[Site "Kitchener CAN"]
[Date "2006.07.23"]
[Round "9"]
[White "Kulic,S"]
[Black "Thavandiran,S"]
[Result "1/2-1/2"]
[WhiteElo "2192"]
[BlackElo "2264"]

1.e4 c5 2.Nf3 Nc6 3.Nc3 d6 4.d4 cxd4 5.Nxd4 e5 6.Ndb5 a6 7.Na3 Be7 8.Nc4 b5
9.Ne3 Nf6 10.Ned5 O-O 11.Be2 Kh8 12.Nxf6 gxf6 13.Nd5 Rg8 14.Ne3 Nd4 15.Bh5 Bb7
16.c3 Ne6 17.Bxf7 Nf4 18.Bxg8 Qxg8 19.Qf3 f5 20.Nxf5 Nxg2+ 21.Ke2 Rf8 22.Rg1 Rxf5
23.Qxf5 Qc4+ 24.Kd1 Bxe4 25.Qh3 Qd5+ 26.Ke2 Qc4+ 27.Kd1 Qd5+  1/2-1/2

[Event "Canadian Open"]
[Site "Kitchener CAN"]
[Date "2006.07.23"]
[Round "9"]
[White "Corrales,Fi"]
[Black "Moiseenko,A1"]
[Result "1/2-1/2"]
[WhiteElo "2492"]
[BlackElo "2649"]

1.e4 c5 2.Nf3 Nc6 3.Nc3 e5 4.Bc4 Be7 5.d3 Nf6 6.O-O O-O 7.h3 d6 8.Nh2 Be6
9.Ng4 Nxg4 10.hxg4 Bg5 11.Nd5 Rb8 12.a4 Kh8 13.Bxg5 Qxg5 14.Ne3 g6 15.g3 h5
16.f4 exf4 17.gxf4 Qf6 18.Kg2 Bxg4 19.Nxg4 hxg4 20.Qxg4 Kg7 21.c3 Rh8 22.Rh1 a6
23.Raf1 Ne7 24.a5 Rbd8 25.Qg5 Rxh1 26.Rxh1 Qxg5+ 27.fxg5 Rf8 28.b4 cxb4 29.cxb4 d5
30.exd5 Nf5 31.Re1 f6 32.d6 fxg5 33.Bd5 Nxd6 34.Re7+ Kh6 35.Rd7 Nf5 36.Bxb7 Ne3+
37.Kg3 Rf1 38.Be4 Nf5+ 39.Kh3 Ra1 40.Rb7 Ra2 41.Rb6 Rf2 42.Bxf5 Rxf5 43.Rxa6 Rf3+
44.Kg2 Rxd3 45.Re6 Rb3 46.Re4 Ra3 47.Re6 Rb3 48.Re2 Rxb4 49.Ra2 g4 50.a6 Rb8
51.Kg3 Kg5 52.Ra5+ Kf6 53.Kxg4 Ra8 54.a7 Ke6  1/2-1/2

[Event "Czech Open A"]
[Site "Pardubice CZE"]
[Date "2006.07.23"]
[Round "3"]
[White "Ptacnikova,L"]
[Black "Rogule,L"]
[Result "1-0"]
[WhiteElo "2193"]
[BlackElo "2342"]

1.e4 c5 2.Nc3 Nc6 3.Bb5 Nd4 4.Bc4 Nf6 5.Nf3 e6 6.O-O d5 7.exd5 exd5 8.Re1+ Be7
9.Nxd5 Nxd5 10.Nxd4 cxd4 11.Qh5 g5 12.d3 a6 13.Bxg5 O-O 14.Rxe7 Nxe7 15.Bf6 Ng6
16.Bxd8 Rxd8 17.f4 Be6 18.f5 Bxc4 19.dxc4 Nf8 20.Qg5+ Kh8 21.Qf6+ Kg8 22.Rd1 Rac8
23.Rd3 Nd7 24.Qxd4 f6 25.Qd5+ Kh8 26.Qf7  1-0

[Event "Czech Open A"]
[Site "Pardubice CZE"]
[Date "2006.07.23"]
[Round "3"]
[White "Kulhanek,T"]
[Black "Klimakovs,S"]
[Result "1-0"]
[WhiteElo "2430"]
[BlackElo "2295"]

1.e4 c5 2.Nc3 Nc6 3.Bb5 Nd4 4.Bc4 g6 5.Nf3 Bg7 6.Nxd4 cxd4 7.Qf3 Nh6 8.Ne2 O-O
9.c3 dxc3 10.dxc3 d6 11.h3 Qc7 12.Bb3 a5 13.Nf4 a4 14.Nd5 Qd8 15.Bc4 e6 16.Nf6+ Qxf6
17.Qxf6 Bxf6 18.Bxh6 a3 19.Bxf8 axb2 20.Rd1 Bxc3+ 21.Ke2 Kxf8 22.Rxd6 Ke7
23.Rb6 Bd4 24.Rb5 b6 25.Rb4 b5 26.Kd3 e5 27.Bd5 Ra3+ 28.Kc2 Bd7 29.Rd1 Ra4
30.Rdxd4 exd4 31.Rxb2 Be6 32.Bxe6 fxe6 33.Kd3 e5 34.Rxb5 Rxa2 35.Rxe5+ Kf6
36.Re8 Kf7 37.Rc8 Rxf2 38.Rc2 Rf1 39.Kxd4 Rd1+ 40.Ke5 Rd7 41.Rc6 Ra7 42.h4 Rb7
43.g4 Ra7 44.Kf4 Kg7 45.Rc4 Kf6 46.Rc6+ Kg7 47.h5 Rb7 48.hxg6 hxg6 49.e5 Re7
50.e6 Ra7 51.Ke5 Ra5+ 52.Kd6 Kf6 53.g5+ Rxg5 54.Rc8 Rg1 55.Rf8+ Kg5 56.e7  1-0

[Event "Czech Open A"]
[Site "Pardubice CZE"]
[Date "2006.07.24"]
[Round "4"]
[White "Rivera,D"]
[Black "Kavcic,Z"]
[Result "0-1"]
[WhiteElo "2308"]
[BlackElo "2201"]

1.e4 c5 2.Nc3 Nc6 3.Nf3 d6 4.d4 cxd4 5.Nxd4 Nf6 6.Be2 e5 7.Nf3 h6 8.O-O Be7
9.Re1 O-O 10.h3 Be6 11.Bf1 Nb8 12.b3 Nbd7 13.Bb2 Qc7 14.Nd2 a6 15.a4 Rac8
16.Qf3 Nh7 17.Nc4 Nc5 18.a5 f5 19.exf5 Rxf5 20.Nd5 Qd8 21.Qd1 Rc6 22.Nce3 Rf8
23.Nxe7+ Qxe7 24.Bc4 Qh4 25.Re2 Ng5 26.Ba3 Kh8 27.Bxc5 dxc5 28.Ra4 e4 29.Rd2 Nxh3+
30.gxh3 Bxh3 31.Bf1 Rg6+ 32.Bg2 Bxg2 33.Nxg2 Qg5 34.f4 exf3  0-1

[Event "Czech Open A"]
[Site "Pardubice CZE"]
[Date "2006.07.24"]
[Round "4"]
[White "Gergel,V"]
[Black "Bindrich,F"]
[Result "1/2-1/2"]
[WhiteElo "2320"]
[BlackElo "2486"]

1.e4 c5 2.Nc3 Nc6 3.Nge2 d6 4.d4 cxd4 5.Nxd4 Nf6 6.Bg5 e6 7.Qd2 a6 8.O-O-O Bd7
9.f4 h6 10.Bh4 g5 11.fxg5 Ng4 12.Nxc6 Bxc6 13.Be2 Ne5 14.g3 Ng6 15.Kb1 h5
16.Rhf1 Be7 17.Rde1 Qa5 18.Qd1 Bxg5 19.Bxg5 Qxg5 20.Qxd6 Rd8 21.Qb4 Qe7 22.Qb6 Ne5
23.h4 Kf8 24.Rf4 Kg7 25.Ref1 Rh6 26.Qf2 Be8 27.Nd1 Rd2 28.Qe3 Qd6 29.Nc3 Qd4
30.Qxd4 Rxd4 31.Kc1 b5 32.a3 Bc6 33.b3 Rd8 34.Rd1 Rxd1+ 35.Kxd1 Rg6 36.Bxh5 Rxg3
37.Kd2 Rh3 38.Nd1 Kf8 39.Nf2 Rh2 40.Kc3 Ke7 41.Nd3 f6 42.Nxe5 fxe5 43.Rg4 a5
44.Bg6 Rh3+ 45.Kb2 b4 46.h5 Rh2 47.axb4 axb4 48.Rg5 Bb5 49.Rg3 Be2 50.Kc1 Rh1+
51.Kd2 Rh2 52.Ke1 Bxh5 53.Bxh5 Rxh5 54.Kd2 Kd6 55.c3 Kc5 56.cxb4+ Kxb4 57.Rg6 Kxb3
58.Rxe6 Kc4 59.Rd6 Rh4 60.Ke3 Rh3+  1/2-1/2

[Event "Czech Open A"]
[Site "Pardubice CZE"]
[Date "2006.07.24"]
[Round "4"]
[White "Cernousek,L"]
[Black "Havlik,Ja"]
[Result "1-0"]
[WhiteElo "2418"]
[BlackElo "2289"]

1.e4 c5 2.Nc3 Nc6 3.Bb5 g6 4.Bxc6 bxc6 5.d3 Bg7 6.f4 d6 7.Nf3 e6 8.O-O Ne7
9.e5 dxe5 10.fxe5 Bxe5 11.Nxe5 Qd4+ 12.Kh1 Qxe5 13.Ne4 Nd5 14.c4 f5 15.Nxc5 Ne3
16.Bxe3 Qxe3 17.d4 O-O 18.Rf3 Qg5 19.Qe2 Qf6 20.Rd1 a5 21.Qe5 Ra7 22.Qd6 Rd8
23.Qxc6 Qe7 24.Re3 Rc7 25.Qf3 Qf6 26.Red3 Qg5 27.Qe2 Qf6 28.b3 Kf7 29.Qe1 Ra7
30.Qe5 Qe7 31.Rh3 Kg8 32.Re3 Kf7 33.Rde1 Rc7 34.Rh3 Kg8 35.Nd3 Qd6 36.Qxa5 Bb7
37.Rxe6  1-0

[Event "10th Battle of Senta 1697 Open"]
[Site "Senta SCG"]
[Date "2006.07.24"]
[Round "5"]
[White "Nadj Hedjesi,B"]
[Black "Cvijic,N"]
[Result "1-0"]
[WhiteElo "2311"]
[BlackElo "2179"]

1.e4 c5 2.Nc3 Nc6 3.Bb5 g6 4.Bxc6 dxc6 5.d3 Bg7 6.Be3 b6 7.Qd2 Nf6 8.Bh6 O-O
9.Bxg7 Kxg7 10.Nge2 e5 11.Ng3 h6 12.Rd1 Nh7 13.O-O Qh4 14.f4 Nf6 15.Nce2 exf4
16.Rxf4 Qg5 17.Qc3 Bg4 18.Rdf1 Bxe2 19.Nxe2  1-0

[Event "Dutch Open"]
[Site "Dieren NED"]
[Date "2006.07.25"]
[Round "1"]
[White "Van Geffen,B"]
[Black "Slingerland,F"]
[Result "0-1"]
[WhiteElo "2116"]
[BlackElo "2338"]

1.e4 c5 2.Nf3 Nc6 3.Nc3 g6 4.d4 cxd4 5.Nxd4 Bg7 6.Be3 Nf6 7.Bc4 d6 8.h3 Bd7
9.O-O O-O 10.Bb3 a6 11.f4 b5 12.e5 dxe5 13.Nxc6 Bxc6 14.fxe5 Nh5 15.e6 f5
16.Bd5 Rc8 17.Bxc6 Qxd1 18.Raxd1 Rxc6 19.Nd5 Rxe6 20.g4 fxg4 21.Rxf8+ Kxf8
22.hxg4 Nf6 23.Nxf6 Bxf6 24.Bh6+ Ke8 25.c3 Re4 26.g5 Bxg5 27.Bxg5 Rg4+ 28.Kf2 Rxg5
29.Rd4 h5 30.a4 Rg4 31.Rxg4 hxg4 32.axb5 axb5 33.Kg3 Kd7 34.Kxg4 Kd6 35.Kf4 Kd5
36.b3 e5+ 37.Kg5 e4 38.Kf4 g5+ 39.Ke3 Ke5  0-1

[Event "Czech Open B2"]
[Site "Pardubice CZE"]
[Date "2006.07.25"]
[Round "5"]
[White "Klakurka,S"]
[Black "Braschi,G"]
[Result "0-1"]
[WhiteElo "2052"]
[BlackElo "2194"]

1.e4 c5 2.Nc3 Nc6 3.Nf3 Nf6 4.g3 g6 5.Bg2 Bg7 6.O-O O-O 7.d3 e5 8.Be3 b6
9.Nd5 Nxd5 10.exd5 Ne7 11.c4 h6 12.Qd2 Kh7 13.Rae1 d6 14.b4 Nf5 15.Rb1 g5
16.Ne1 Nxe3 17.fxe3 f5 18.Kh1 g4 19.bxc5 bxc5 20.Nc2 Qg5 21.Qf2 Ba6 22.h4 Qe7
23.Rfe1 Rf7 24.Rb3 Raf8 25.Ra3 Qb7 26.e4 f4 27.Rb3 Qe7 28.Reb1 Bf6 29.gxf4 Bxh4  0-1

[Event "Czech Open A"]
[Site "Pardubice CZE"]
[Date "2006.07.25"]
[Round "5"]
[White "Pakhomov,A"]
[Black "Bucinskas,V"]
[Result "0-1"]
[WhiteElo "2523"]
[BlackElo "2333"]

1.Nc3 c5 2.e4 Nc6 3.Nf3 d6 4.d4 cxd4 5.Nxd4 Nf6 6.Bg5 e6 7.Qd2 a6 8.O-O-O Be7
9.f4 Qc7 10.Nf3 b5 11.Bd3 Bb7 12.Rhe1 b4 13.Ne2 O-O-O 14.Ned4 Nxd4 15.Nxd4 d5
16.e5 Ne4 17.Bxe4 dxe4 18.Bxe7 Qxe7 19.Qe3 f6 20.exf6 gxf6 21.f5 exf5 22.Qf4 Rhe8
23.Nxf5 Qe5 24.Rxd8+ Kxd8 25.Rd1+ Kc7 26.Qxe5+ Rxe5 27.Ne3 f5 28.g3 Ra5 29.Kb1 Rc5
30.b3 a5 31.Kb2 Bc8 32.a3 bxa3+ 33.Kxa3 Be6 34.Kb2 Bf7 35.c4 f4 36.gxf4 Rh5
37.Rd2 Rh3 38.Nd5+ Kc6 39.Nf6 e3 40.Re2 a4 41.Nd5 Bxd5 42.cxd5+ Kxd5 43.bxa4 Ke4
44.Kc2 Rf3 45.Kd1 Rf1+ 46.Re1 Rf2 47.Rg1 Kd3  0-1

[Event "Czech Open B2"]
[Site "Pardubice CZE"]
[Date "2006.07.25"]
[Round "5"]
[White "Matsenko,V"]
[Black "Hlavac,R"]
[Result "1-0"]
[WhiteElo "2174"]
[BlackElo "2087"]

1.e4 c5 2.Nf3 Nc6 3.Nc3 g6 4.Bb5 Bg7 5.O-O Nd4 6.Nxd4 cxd4 7.Ne2 a6 8.Bd3 e6
9.c3 dxc3 10.bxc3 Ne7 11.Ba3 d6 12.f4 O-O 13.Ng3 Nc6 14.e5 dxe5 15.Bxf8 Bxf8
16.Be4 exf4 17.Rxf4 e5 18.Rf1 Be6 19.Rb1 Qd7 20.Kh1 Bxa2 21.Rb2 Be6 22.Qa4 Rc8
23.Rfb1 Rc7 24.Bxc6 bxc6 25.Qxa6 f5 26.Qa8 Qd6 27.Rb8 h5 28.Rd8 Qc5 29.d4 exd4
30.cxd4 Qe7 31.Re1 Qb4 32.Rxf8+ Kg7 33.Qa1 Bd5 34.Rfe8 h4 35.Ne2 h3 36.Qc3 hxg2+
37.Kg1  1-0

[Event "Czech Open A"]
[Site "Pardubice CZE"]
[Date "2006.07.25"]
[Round "5"]
[White "Swicarz,M"]
[Black "Mankeyev,Raua"]
[Result "1-0"]
[WhiteElo "2268"]
[BlackElo "2369"]

1.e4 c5 2.Nc3 Nc6 3.Bb5 Nd4 4.Bc4 e6 5.Nf3 Nf6 6.O-O a6 7.d3 Qc7 8.Nxd4 cxd4
9.Ne2 Nxe4 10.dxe4 Qxc4 11.Nxd4 d6 12.Be3 b5 13.b3 Qc7 14.c4 e5 15.Nf3 bxc4
16.Rc1 Be6 17.Ng5 c3 18.Nxe6 fxe6 19.Qg4 Be7 20.Qxg7 Rf8 21.Qxh7 Kd7 22.Rfd1 Rac8
23.Bg5 Rfe8 24.Rc2 Qc6 25.Rd3 Rc7 26.h4 Kd8 27.Bxe7+ Rexe7 28.Qh8+ Kd7 29.Qxe5 Rf7
30.Rcxc3  1-0

[Event "XI Open"]
[Site "Balaguer ESP"]
[Date "2006.07.26"]
[Round "10"]
[White "Colovic,A"]
[Black "Bruned,Y"]
[Result "0-1"]
[WhiteElo "2462"]
[BlackElo "2352"]

1.e4 c5 2.Nc3 Nc6 3.Nge2 e5 4.Nd5 d6 5.Nec3 Be6 6.Bc4 Nf6 7.d3 Be7 8.O-O O-O
9.f4 exf4 10.Bxf4 h6 11.Qd2 Kh7 12.Rae1  0-1

[Event "Czech Open A"]
[Site "Pardubice CZE"]
[Date "2006.07.26"]
[Round "6"]
[White "Teske,H"]
[Black "Kuljasevic,D"]
[Result "1-0"]
[WhiteElo "2510"]
[BlackElo "2419"]

1.e4 c5 2.Nf3 Nc6 3.Nc3 e5 4.Bc4 Be7 5.d3 d6 6.O-O Nf6 7.Ng5 O-O 8.f4 Bg4
9.Qd2 exf4 10.Qxf4 Bh5 11.Nd5 Nd4 12.Qh4 Bg6 13.Nf4 Nxe4 14.Nxg6 Bxg5 15.Qxe4 hxg6
16.Rxf7 Rxf7 17.Bxf7+ Kh8 18.c3 Bxc1 19.Rxc1 Qf6 20.Rf1 Nf5 21.Bxg6 Qxg6
22.Rxf5 Re8 23.Rf8+  1-0

[Event "Czech Open A"]
[Site "Pardubice CZE"]
[Date "2006.07.26"]
[Round "6"]
[White "Kanovsky,D"]
[Black "Toma,K"]
[Result "1/2-1/2"]
[WhiteElo "2368"]
[BlackElo "2256"]

1.e4 c5 2.Nf3 Nc6 3.Nc3 g6 4.d4 cxd4 5.Nxd4 Bg7 6.Nde2 d6 7.g3 Bd7 8.Bg2 h5
9.h3 Qc8 10.Nd5 Ne5 11.Bg5 Nc4 12.b3 Na3 13.Rc1 e6 14.Nb4 a5 15.Nd3 b5 16.c4 Qb8
17.c5 Ra6 18.O-O Ne7 19.Qd2 b4 20.Rfd1 Nb5 21.cxd6 Rxd6 22.e5 Bxe5 23.Qe3 f6
24.Nxe5 Rxd1+ 25.Rxd1 Qxe5 26.Qxe5 fxe5 27.Bf6 Rh7 28.Bxe5 Bc6 29.Bf1 Nd5
30.Rc1 Kd7 31.Rc5 g5 32.Nc1 Ndc7 33.Bxc7 Nxc7 34.Rxa5 g4 35.h4 Kd6 36.Nd3 Nd5
37.Ra6 Rc7 38.Bg2 Ke7 39.Ra5 Kd6 40.Ra6 Ke7 41.Ra5 Kd6 42.Rc5 Rb7 43.Rc2 Bb5
44.Bxd5 Bxd3 45.Rd2 exd5 46.Rxd3 Ra7 47.Rd2 Ke5 48.Kf1 Ke4 49.Ke2  1/2-1/2

[Event "32nd Open"]
[Site "Sitges ESP"]
[Date "2006.07.26"]
[Round "6"]
[White "Ramaswamy,A"]
[Black "Parligras,M"]
[Result "0-1"]
[WhiteElo "2216"]
[BlackElo "2510"]

1.e4 c5 2.Nf3 Nc6 3.Nc3 Nf6 4.Bb5 Qc7 5.O-O Nd4 6.Nxd4 cxd4 7.Nd5 Nxd5 8.exd5 g6
9.Re1 Qc5 10.c4 a6 11.b4 Qxb4 12.Ba4 Bg7 13.Bb3 d3 14.Rb1 O-O 15.Qf3 d6 16.Rxe7 b5
17.cxb5 axb5 18.Bb2 Qxd2 19.Bxg7 Kxg7 20.Re3 Qb4 21.Rxd3 Bg4 22.Qe3 Bf5 23.Rd4 Qc5
24.Rc1 Rfe8 25.Qd2 Qb6 26.Qb2 Re5 27.Rdd1 Kg8 28.Re1 Rae8 29.Qd2 Qd4 30.Rxe5 Qxe5
31.h3 h5 32.Bc2 Qb2 33.Qd1 Rc8  0-1

[Event "MTO Open"]
[Site "Biel SUI"]
[Date "2006.07.27"]
[Round "4"]
[White "Sudakova,I"]
[Black "Yagupov,I"]
[Result "0-1"]
[WhiteElo "2376"]
[BlackElo "2559"]

1.e4 c5 2.Nc3 Nc6 3.Nf3 g6 4.d4 cxd4 5.Nxd4 Bg7 6.Be3 Nf6 7.f3 O-O 8.Bc4 Qb6
9.O-O Qxb2 10.Nce2 Qb4 11.Bb3 Qa5 12.Rb1 d5 13.Nxc6 bxc6 14.e5 Nd7 15.f4 Ba6
16.Nd4 Qc7 17.c4 Nb6 18.c5 Nd7 19.Re1 Nxc5 20.Rc1 Nxb3 21.Rxc6 Qa5 22.axb3 Bb7
23.Bd2 Qd8 24.Rc3 Qd7 25.Rh3 e6 26.g4 f6 27.Bb4 fxe5 28.Bxf8 Rxf8 29.fxe5 Rf4
30.Rc3 Re4 31.Nf3 Rxg4+ 32.Kf2 Bf8 33.Rc4 d4 34.Nxd4 Rg2+ 35.Ke3 Bh6+ 36.Kd3 Rxh2
37.Qg4 Rd2+ 38.Kc3 Bd5 39.Rc5 Rf2 40.Rd1 Rf4 41.Qh3 Bg7 42.Nc6 Qe8 43.Rdxd5 exd5
44.Nd4 Qxe5 45.Rc8+ Rf8 46.Rxf8+ Bxf8  0-1

[Event "Czech Open A"]
[Site "Pardubice CZE"]
[Date "2006.07.27"]
[Round "7"]
[White "Ptacnikova,L"]
[Black "Bucinskas,V"]
[Result "0-1"]
[WhiteElo "2193"]
[BlackElo "2333"]

1.e4 c5 2.Nc3 Nc6 3.Bb5 Na5 4.f4 a6 5.Be2 e6 6.Nf3 Qc7 7.d3 b5 8.e5 d5 9.a3 h5
10.O-O g6 11.Bd2 Nh6 12.b4 Nc6 13.Na2 Nf5 14.c3 Qa7 15.Rf2 h4 16.Nc1 Bb7
17.Nb3 c4 18.Nc1 d4 19.cxd4 Ncxd4 20.dxc4 bxc4 21.Nxd4 Qxd4 22.Qa4+ Ke7 23.Ra2 Bd5
24.Rc2 Bh6 25.b5 a5 26.Bxc4 Rhc8 27.Bb3 Rxc2 28.Bxc2 Qb6 29.Be4 Ng3 30.Bxd5 exd5
31.Qb3 Ne4 32.Qe3 Qxe3 33.Bxe3 Nxf2 34.Kxf2 d4 35.Bd2 Kd7 36.Nb3 a4 37.Nxd4 Bf8
38.Nc2 Rc8 39.Nb4 Rb8 40.Ke3 Rxb5 41.Kd4 Ke6 42.Kc4 Rc5+ 43.Kd4 Rc8 44.Ke4 Rd8
45.Be1 Rd1 46.Nc2 h3 47.gxh3 Bxa3 48.Nd4+ Kd7 49.Bc3 Bc5  0-1

[Event "Czech Open A"]
[Site "Pardubice CZE"]
[Date "2006.07.27"]
[Round "7"]
[White "Kulhanek,T"]
[Black "Zubarev,Al1"]
[Result "1-0"]
[WhiteElo "2430"]
[BlackElo "2518"]

1.e4 c5 2.Nc3 Nc6 3.Bb5 Nd4 4.Bc4 e6 5.Nf3 Nf6 6.O-O a6 7.e5 d5 8.exf6 dxc4
9.fxg7 Bxg7 10.d3 cxd3 11.cxd3 Bd7 12.Ne4 Bc6 13.Nxd4 Bxd4 14.Bg5 Qd5 15.Bf6 Rg8
16.Rc1 Rg6 17.Bxd4 Qxd4 18.Qh5 O-O-O 19.Qxc5 Qxd3 20.f3 f5 21.Ng3 Rd5 22.Qe7 Qe3+
23.Kh1 Rd7 24.Qf8+ Kc7 25.b4 Rd8 26.Qe7+ Rd7 27.Qf8 Qd2 28.Qc5 Rd5 29.Qe7+ Kb6
30.Qxh7 Qg5 31.f4 Qg4 32.Qe7 Rh6 33.Rxc6+ Kxc6 34.b5+ Rxb5 35.a4 Rd5 36.Rc1+ Kb6
37.Rb1+ Kc6 38.Qxb7+ Kd6 39.Rb6+ Kc5 40.Qc6+ Kd4 41.Rb4+  1-0

[Event "Open"]
[Site "Kiel GER"]
[Date "2006.07.28"]
[Round "9"]
[White "Lanka,Z"]
[Black "Wisnewski,C"]
[Result "1-0"]
[WhiteElo "2498"]
[BlackElo "2417"]

1.e4 c5 2.Nc3 Nc6 3.Nf3 g6 4.d4 cxd4 5.Nxd4 Bg7 6.Be3 Nf6 7.Bc4 d6 8.f3 O-O
9.Bb3 Na5 10.g4 h5 11.h3 a6 12.Qd2 b5 13.O-O-O Nxb3+ 14.Nxb3 Be6 15.Bh6 b4
16.Nd5 Bxd5 17.exd5 Qc7 18.Kb1 Rfc8 19.Bxg7 Kxg7 20.Rhe1 a5 21.Nd4 hxg4 22.hxg4 a4
23.Rh1 Ng8 24.Qf4 e5 25.dxe6 Ra7 26.exf7 Qxf7 27.Qxd6  1-0

[Event "Czech Open A"]
[Site "Pardubice CZE"]
[Date "2006.07.28"]
[Round "8"]
[White "Najer,E"]
[Black "Vokac,M"]
[Result "1/2-1/2"]
[WhiteElo "2677"]
[BlackElo "2498"]

1.e4 c5 2.Nf3 Nc6 3.Nc3 g6 4.d4 cxd4 5.Nxd4 Bg7 6.Be3 Nf6 7.Bc4 Qa5 8.O-O O-O
9.Bb3 d6 10.h3 Qh5 11.Qd2 Nxd4 12.Bxd4 Be6 13.f4 a6 14.Qe3 Nd7 15.Bxg7 Kxg7
16.f5 Bxb3 17.axb3 Qh6 18.Qd4+ Kg8 19.Nd5 Rae8 20.c3 Qg7 21.Qe3 Kh8 22.Rae1 Nf6
23.Re2 Rg8 24.b4 gxf5 25.Nxf6 Qxf6 26.Rxf5 Qg6 27.Qb6 f6 28.Qxb7 Qg3 29.Kh1 Qd3
30.Ref2 Rg3 31.R5f3 Rxf3 32.Rxf3 Qe2 33.Rg3 Rg8 34.Rxg8+ Kxg8 35.Kh2 Kf7
36.Qd5+ Kf8 37.Qa8+ Kf7 38.Qd5+ Kf8 39.b3 h5 40.c4 h4 41.Qa8+ Kf7 42.Qd5+ Kf8
43.Qd4 Qe1 44.c5 Qg3+ 45.Kh1 Qe1+ 46.Kh2 Qg3+ 47.Kh1 Qe1+  1/2-1/2

[Event "Czech Open A"]
[Site "Pardubice CZE"]
[Date "2006.07.28"]
[Round "8"]
[White "Suarez Pousa,D"]
[Black "Zinchenko,Ya"]
[Result "0-1"]
[WhiteElo "2377"]
[BlackElo "2485"]

1.e4 c5 2.Nc3 Nc6 3.Nf3 d6 4.d4 cxd4 5.Nxd4 Nf6 6.Bc4 Qb6 7.Nb3 e6 8.Bf4 Ne5
9.Be2 Be7 10.Be3 Qc7 11.f4 Nc6 12.Bf3 O-O 13.O-O a6 14.a4 b6 15.g4 Bb7 16.g5 Nd7
17.Bg2 Rfe8 18.Rf3 Na5 19.Rh3 g6 20.Nxa5 bxa5 21.Qg4 Rab8 22.Bf3 Bf8 23.Qh4 h5
24.gxh6 Kh7 25.Rf1 Ba8 26.f5 Ne5 27.Bd4 Be7 28.Qf2 gxf5 29.Kh1 f4 30.Bh5 Bg5
31.Rg1 Rg8 32.Be2 f5 33.Bxe5 dxe5 34.Bf3 Rxb2 35.Qd2 Rb4 36.Rh5 Bf6 37.Rxg8 Kxg8
38.h7+ Kh8 39.Qg2 Rb8 40.Qg6 Rf8 41.Nd5 exd5 42.Rxf5 Qg7 43.Qxg7+ Bxg7 44.Rxf8+ Bxf8
45.exd5 Kxh7 46.Kg2 Bb7 47.Kh3 Kg6 48.Be4+ Kg5 49.Kg2 Bc8 50.Bd3 Bd7 51.Bxa6 e4  0-1

[Event "Czech Open A"]
[Site "Pardubice CZE"]
[Date "2006.07.28"]
[Round "8"]
[White "Simek,P2"]
[Black "Ajrapetjan,Y"]
[Result "0-1"]
[WhiteElo "2271"]
[BlackElo "2406"]

1.e4 c5 2.Nf3 Nc6 3.Nc3 g6 4.d4 Bg7 5.d5 Nd4 6.Nxd4 cxd4 7.Nb5 Qb6 8.d6 exd6
9.Bd3 Ne7 10.Bg5 a6 11.Na3 Nc6 12.O-O Qc5 13.f4 b5 14.Nb1 Bb7 15.a4 O-O 16.Qe2 Rae8
17.Qf2 Nb4 18.Nd2 f5 19.exf5 Nxd3 20.cxd3 Qxf5 21.axb5 axb5 22.Nf3 Re3 23.Rfe1 Bxf3
24.Rxe3 dxe3 25.Qxf3 Qxd3 26.Rd1 Qc2 27.Be7 e2 28.Re1 Bd4+ 29.Kh1 Qd2 30.Qd5+ Rf7
31.Bh4 Qxf4 32.h3 Qf1+  0-1